Normal view MARC view

Entry Personal Name

Number of records used in: 1

001 - CONTROL NUMBER

  • control field: 17397

003 - CONTROL NUMBER IDENTIFIER

  • control field: OSt

005 - DATE AND TIME OF LATEST TRANSACTION

  • control field: 20230215094705.0

008 - FIXED-LENGTH DATA ELEMENTS

  • fixed length control field: 230215|| aca||aabn | a|a d

040 ## - CATALOGING SOURCE

  • Original cataloging agency: OSt
  • Transcribing agency: OSt

100 ## - HEADING--PERSONAL NAME

  • Personal name: စလင်းကန်လယ်ဆရာတော်

670 ## - SOURCE DATA FOUND

  • Source citation: Work cat.: (OSt): စလင်းကန်လယ်ဆရာတော်, စက္ခုအလင်း-သံခိပ်ကျဉ်း\, ၁၉၇၉

Library - 09407999929
Admin Office - 09407999979
Dean Office - 09250910768
Registrar Office - 09892297154
Email - [email protected]
Shan State Buddhist University, Phaya Phyu Taunggyi, Shan State, Myanmar.